000 00424nam a2200157Ia 4500
008 230711s9999||||xx |||||||||||||| ||und||
041 _aENG
082 _a658
_bWE-H
100 _aWerther,William B
245 0 _aHuman resources and personnel management
250 _a1st Ed.
260 _c1993
_aNew Delhi
_bTata McGraw Hill Education Limited
650 _aUNIVESITY BUSNIESS SCHOOL
700 _aDavis,Keith
942 _cBK
999 _c2310
_d2310